000 00250nam a22001097a 4500
082 _a491.43903 FER'F
100 _aFEROZ-UD-DIN
_974740
245 _aFEROZ DICTIONARY (URDU ED)
260 _aLAHORE
_bFEROZ SONS
_c1983
300 _a1472P
942 _cBK
999 _c580656
_d580656